Christmas Songs Lyrics Quiz - Statistics

General Stats
  • This quiz has been taken 204 times
  • The average score is 6 of 14
Answer Stats
Hint Answer % Correct
I don't want a lot for Christmas, there is just one thing I need.. All I Want for Christmas is You
83%
The little Lord Jesus laid down his sweet head.... Away in a Manger
67%
Don we now our gay apparel.... Deck the Halls
65%
Chestnuts roasting on an open fire.... The Christmas Song
59%
It's the right time, to rock the night away.... Jingle Bell Rock
57%
He'll say are you married we'll say no man... Winter Wonderland
55%
You will get a sentimental feeling when you hear... Rockin' Around the Christmas Tree
52%
Think of all the fun I've missed, think of all the fellas that I haven't kissed... Santa Baby
41%
When the snow lay round about, deep and crisp and even... Good King Wenceslas
30%
Fall on your knees, oh hear the angels' voices... O Holy Night
26%
Here we are as in olden days, happy golden days of yore... Have Yourself a Merry Little Christmas
25%
Remember Christ our Savior was born on Christmas Day.. God Rest ye Merry Gentlemen
23%
All I want for Christmas is a rock-and-roll electric guitar.. Run, Run Rudolph
14%
Joyful, all ye nations rise, join the triumph of the skies... Hark! the Harold Angels Sing
6%
No matching quizzes found
Score Distribution
Percent of People with Each Score
Percentile by Number Answered
Your Score History
You have not taken this quiz